| 000 | 00623nam a22002177a 4500 | ||
|---|---|---|---|
| 999 |
_c6567 _d6567 |
||
| 003 | OSt | ||
| 005 | 20200203153725.0 | ||
| 008 | 150703b xxu||||| |||| 00| 0 eng d | ||
| 020 | _a0155015540 | ||
| 040 | _cDDC | ||
| 082 | _a150HIL 1996. | ||
| 100 |
_aArtikinson,L.Rita;[et ....al] _95470 |
||
| 245 | _aHilgard's introduction to psychology | ||
| 250 | _a12th ed, | ||
| 260 |
_aSan Diego; _bHarcourt Brace College Publishers. _c1996. |
||
| 300 |
_axxi,776p; _bcol.ill: _c28cm |
||
| 504 | _aGlossary, References, & index included | ||
| 650 |
_aPsychology _931 |
||
| 700 |
_aWagenaar, Loftus _95471 |
||
| 942 |
_2ddc _cO_SHELF |
||